Image a cena

Význam cenovej politiky z hľadiska nových vzťahov v konkurenčnom vývoji, získavaní konkurenčných výhod. Cenová politika ako základná a rozhodujúca skupina marketingových nástrojov. Vývoj systémov cieľov v cenovej politike podnikov. Orientácia na zákazníka. Psychologické faktory tvorby cenového image...

Description complète

Enregistré dans:
Détails bibliographiques
Auteur principal: Vávrová, Věra
Format: Chapitre de livre
Langue:tchèque
Sujets:
Tags: Ajouter un tag
Pas de tags, Soyez le premier à ajouter un tag!

MARC

LEADER 00000naa a2200000 4500
001 r043222
005 20230921120513.9
041 0 |a cze 
044 |a CZ 
245 1 0 |a Image a cena  |c Věra Vávrová 
520 |a Význam cenovej politiky z hľadiska nových vzťahov v konkurenčnom vývoji, získavaní konkurenčných výhod. Cenová politika ako základná a rozhodujúca skupina marketingových nástrojov. Vývoj systémov cieľov v cenovej politike podnikov. Orientácia na zákazníka. Psychologické faktory tvorby cenového image. Nástroje cenovej politiky zamerané na image. Využitie rady sociologických a psychologických modelov známych z oblasti analýzy správania spotrebiteľa. 
610 2 0 |a politika cenová 
610 2 0 |a ceny 
610 2 0 |a imidž 
610 2 0 |a firmy 
610 2 0 |a marketing 
610 2 0 |a psychológia trhu 
610 2 0 |a psychológia predaja 
610 2 0 |a diferenciácia cenová 
610 2 0 |a tvorba cien 
100 1 |a Vávrová, Věra